Top 10 youtubeurs français les plus riches - Statistiques

Statistiques générales
  • Ce quiz a été pris 2 252 fois
  • Le résultat moyen est 6 sur 10
Statistiques - réponses
Fortune YouTubeurs % Correct
~ 36 millions € Squeezie
95%
~ 11 millions € Michou
90%
~ 7,5 millions € Inoxtag
89%
~ 25 millions € Tibo InShape
77%
~ 19 millions € Cyprien
72%
~ 10 millions € Amixem
70%
~ 9 millions € Norman
60%
~ 6 millions € McFly et Carlito
44%
~ 16 millions € GMK
36%
~ 8 millions € Lama Faché
14%
Aucun quiz correspondant
Distribution des résultats
% des personnes avec chaque résultat
Percentile par nombre de réponses
Votre historique - résultats
Vous n’avez pas pris ce quiz